000 00310nam a22001217a 4500
008 170606b xxu||||| |||| 00| 0 eng d
041 _aeng
080 _a94
100 _a18
101 _aSHH
245 _aIDEAS A HISTORY OF THOUGHT AND INVENTION FROM FIRE TO FREUD
_cWATSO.P
942 _2udc
_cBK
999 _c16015
_d16015